000 00625nam a22001815i 4500
001 166544
003 ES-MaACL
005 20230906213344.0
008 990419s1899 sp |||| | spa d
040 _aCCPB | B
_bspa
_cCCPB | B
100 1 _aTorres y Gómez, Enrique.
_9133335
245 1 0 _aGramática histórico-comparada de la lengua castellana /
_cpor Enrique Torres y Gómez.
260 _aMadrid :
_bSáenz de Jubera Hermanos,
_c1899.
300 _aXVI, 490 p. ;
_c22 cm.
650 4 _aLengua española-
_xGramática comparada.
_9144303
752 _aEspaña -
_dMadrid
852 _aES-MaACL
_jD-4125
_z-- Enc. tela
999 _c166544
_d166544